000 00321nam a2200133Ia 4500
008 210210b1963 xxu||||| |||| 00| 0 eng d
082 _a301 COLI
100 _aCOLE (William E).
245 _aIntroductory sociology.
260 _aNY
_bDavid Mckay Co.
_c1963
300 _axii,369
690 _aSociology
906 _a040908
999 _c90849
_d90849